[Event "Toronto-ch Seniors"]
[Site "Toronto CAN"]
[Date "2012.11.20"]
[Round "6"]
[White "Pishdad, Hassan"]
[Black "Zuniga, Dante"]
[Result "0-1"]
[WhiteElo "1238"]
[BlackElo "2354"]
[PlyCount "76"]
[GameId "2160767909411605"]
[EventDate "2012.11.05"]
[EventType "tourn"]
[EventRounds "9"]
[EventCountry "CAN"]

1. e4 e5 2. Nf3 Nc6 3. Bb5 a6 4. Be2 Nf6 5. d3 Bc5 6. h3 d5 7. Bg5 dxe4 8. dxe4 Qxd1+ 9. Bxd1 Nxe4 10. O-O f6 11. Be3 Be6 12. Bxc5 Nxc5 13. Nc3 O-O-O 14. Be2 e4 15. Nh2 Rd7 16. Rac1 Rhd8 17. a3 a5 18. Rfe1 f5 19. Red1 Rxd1+ 20. Rxd1 Nd4 21. Rd2 a4 22. Kf1 c6 23. Ke1 Kc7 24. Nd1 f4 25. c3 Ndb3 26. Rxd8 Kxd8 27. Ng4 Kc7 28. Ne5 b5 29. c4 Kd6 30. Ng4 Bxc4 31. Bxc4 bxc4 32. Nc3 h5 33. Nh2 Ke5 34. Ke2 Nc1+ 35. Kd2 N1d3 36. Nd1 Kd4 37. Nf1 Nb3+ 38. Kc2 Ne1+ 0-1

[Event "Toronto-ch Seniors"]
[Site "Toronto CAN"]
[Date "2012.11.27"]
[Round "7"]
[White "Stein, Mickey"]
[Black "Pishdad, Hassan"]
[Result "1-0"]
[WhiteElo "1910"]
[BlackElo "1238"]
[PlyCount "87"]
[GameId "2160767909411606"]
[EventDate "2012.11.05"]
[EventType "tourn"]
[EventRounds "9"]
[EventCountry "CAN"]

1. e4 e6 2. d3 d5 3. Nd2 dxe4 4. dxe4 Bb4 5. Ngf3 Nc6 6. c3 Ba5 7. g3 Nge7 8. Qc2 O-O 9. Nc4 Ng6 10. h4 Qf6 11. Be2 h6 12. h5 Nge5 13. Nfxe5 Nxe5 14. Nxa5 Nf3+ 15. Bxf3 Qxf3 16. Rf1 Qxh5 17. Nb3 b6 18. Be3 Ba6 19. Rg1 Qh2 20. O-O-O Rad8 21. Rge1 Qg2 22. Rxd8 Rxd8 23. Rd1 Rxd1+ 24. Qxd1 Qf1 25. Qxf1 Bxf1 26. Bf4 c5 27. Bb8 a6 28. Ba7 c4 29. Nd2 Bd3 30. Bxb6 f5 31. exf5 exf5 32. Nf3 Be4 33. Ne5 Bd5 34. f4 g5 35. fxg5 hxg5 36. Kd2 Kg7 37. Ke3 Kf6 38. Bc7 Ke6 39. Kd4 f4 40. gxf4 gxf4 41. Nxc4 Bxc4 42. Kxc4 f3 43. Bb6 Kf5 44. b4 1-0

[Event "Toronto-ch w"]
[Site "Toronto CAN"]
[Date "2012.10.15"]
[Round "1"]
[White "Kaneshalingam, Mathanhe"]
[Black "Renteria, Manuela"]
[Result "0-1"]
[WhiteElo "1311"]
[BlackElo "1682"]
[PlyCount "58"]
[GameId "2160767909411835"]
[EventDate "2012.10.15"]
[EventType "tourn"]
[EventRounds "5"]
[EventCountry "CAN"]
[SourceTitle "EXT 2022"]
[Source "ChessBase"]
[SourceDate "2021.10.06"]
[SourceVersion "1"]
[SourceVersionDate "2021.10.06"]
[SourceQuality "1"]

1. d4 Nf6 2. c4 g6 3. Nc3 Bg7 4. e4 d6 5. Nf3 Nbd7 6. Be2 O-O 7. O-O e5 8. d5 h6 9. h3 Ne8 10. b4 f5 11. Ba3 f4 12. c5 Nb8 13. Rc1 g5 14. Nh2 Rf6 15. Ng4 Rg6 16. Qd2 h5 17. Nh2 g4 18. hxg4 hxg4 19. cxd6 Qh4 20. Rfd1 Rh6 21. Kf1 Qxh2 22. Ke1 Qxg2 23. Bf1 Rh1 24. Qd3 Nxd6 25. b5 f3 26. Bxd6 cxd6 27. Na4 Bd7 28. Rc7 g3 29. fxg3 Bh3 0-1

[Event "Toronto-ch w"]
[Site "Toronto CAN"]
[Date "2012.10.15"]
[Round "1"]
[White "Sametova, Zhanna"]
[Black "Giblon, Rebecca"]
[Result "1-0"]
[WhiteElo "1644"]
[BlackElo "1662"]
[PlyCount "97"]
[GameId "2160767909411836"]
[EventDate "2012.10.15"]
[EventType "tourn"]
[EventRounds "5"]
[EventCountry "CAN"]
[SourceTitle "EXT 2022"]
[Source "ChessBase"]
[SourceDate "2021.10.06"]
[SourceVersion "1"]
[SourceVersionDate "2021.10.06"]
[SourceQuality "1"]

1. e4 e5 2. Nf3 Nc6 3. Bb5 a6 4. Ba4 Nf6 5. O-O Nxe4 6. Bxc6 dxc6 7. Re1 Nf6 8. Nxe5 Be6 9. d4 c5 10. Qe2 Be7 11. dxc5 Qd5 12. Nc3 Qxc5 13. Nd3 Qh5 14. Qe3 Ng4 15. Qg3 O-O-O 16. Nf4 Qf5 17. Nxe6 fxe6 18. Bf4 Rhf8 19. Bxc7 Bc5 20. Ne4 Nxf2 21. Nxc5 Qxc5 22. Re3 Rd1+ 23. Rxd1 Nxd1 24. Bd6 Nxe3 25. Bxf8 Qxf8 26. Qxe3 Qd6 27. Kf2 Kd7 28. Qe4 Qc5+ 29. Kf3 Qh5+ 30. Ke3 Qg5+ 31. Kd3 Qb5+ 32. Kc3 Qc5+ 33. Kd2 Qg5+ 34. Kd3 Qf5 35. Kd4 Qf6+ 36. Ke3 Qxb2 37. Qxh7 Qc3+ 38. Qd3+ Qxd3+ 39. Kxd3 Kd6 40. Kd4 e5+ 41. Ke4 Ke6 42. a4 Kf6 43. g4 Ke6 44. c3 b6 45. c4 b5 46. cxb5 axb5 47. axb5 Kd6 48. h4 Kc5 49. h5 1-0

[Event "Toronto-ch w"]
[Site "Toronto CAN"]
[Date "2012.10.22"]
[Round "2"]
[White "Kaneshalingam, Mathanhe"]
[Black "Abbarin, Shabnam"]
[Result "1-0"]
[WhiteElo "1311"]
[BlackElo "1390"]
[PlyCount "59"]
[GameId "2160767909411837"]
[EventDate "2012.10.15"]
[EventType "tourn"]
[EventRounds "5"]
[EventCountry "CAN"]
[SourceTitle "EXT 2022"]
[Source "ChessBase"]
[SourceDate "2021.10.06"]
[SourceVersion "1"]
[SourceVersionDate "2021.10.06"]
[SourceQuality "1"]

1. d4 Nf6 2. c4 e6 3. Nc3 Bb4 4. e3 c5 5. Nf3 b6 6. Be2 Bxc3+ 7. bxc3 Ne4 8. Qc2 Bb7 9. O-O d6 10. Rd1 Nd7 11. Nd2 Ndf6 12. f3 Nxd2 13. Bxd2 h5 14. e4 Qc7 15. d5 e5 16. Qd3 h4 17. Qe3 Nh7 18. f4 Qe7 19. f5 Rg8 20. Rf1 g6 21. Qh6 Qf6 22. Qxh7 Rh8 23. Bg5 Qxg5 24. Qxh8+ Kd7 25. Qg7 Qe3+ 26. Rf2 gxf5 27. Qxf7+ Kd8 28. Qxb7 Rc8 29. Raf1 f4 30. Bg4 1-0

[Event "Toronto-ch w"]
[Site "Toronto CAN"]
[Date "2012.10.22"]
[Round "2"]
[White "Renteria, Manuela"]
[Black "Giblon, Rebecca"]
[Result "0-1"]
[WhiteElo "1682"]
[BlackElo "1662"]
[PlyCount "120"]
[GameId "2160767909411838"]
[EventDate "2012.10.15"]
[EventType "tourn"]
[EventRounds "5"]
[EventCountry "CAN"]
[SourceTitle "EXT 2022"]
[Source "ChessBase"]
[SourceDate "2021.10.06"]
[SourceVersion "1"]
[SourceVersionDate "2021.10.06"]
[SourceQuality "1"]

1. Nf3 d5 2. g3 Nf6 3. Bg2 Bf5 4. d3 c5 5. O-O Nc6 6. Nbd2 e6 7. Re1 Bd6 8. a3 O-O 9. e4 Bg4 10. h3 Bxf3 11. Bxf3 Qc7 12. Nf1 Rad8 13. Qe2 Nd4 14. Qd1 dxe4 15. Bxe4 Nxe4 16. Rxe4 f5 17. Re1 f4 18. g4 f3 19. Bg5 Rd7 20. Be3 Ne2+ 21. Rxe2 fxe2 22. Qxe2 Rdf7 23. Nd2 Bh2+ 24. Kh1 Bf4 25. Ne4 Bxe3 26. Qxe3 Rf3 27. Qe1 Rxh3+ 28. Kg1 Qh2+ 29. Kf1 Qf4 30. Ke2 Qxg4+ 31. Kd2 Qf4+ 32. Kc3 Qe5+ 33. Kb3 Qd5+ 34. Kc3 c4 35. Ng5 Rh6 36. Qe3 cxd3 37. cxd3 Rc8+ 38. Kd2 Qc6 39. Ke2 Qc2+ 40. Qd2 Qxd2+ 41. Kxd2 Rf6 42. Rf1 Rd8 43. Ke2 Rf5 44. Ne4 Rfd5 45. Rd1 Kf7 46. Nc3 R5d7 47. Ne4 Ke7 48. Rc1 g6 49. Rd1 b6 50. Rh1 h5 51. Rg1 Kf7 52. Ng5+ Kf6 53. Ne4+ Kg7 54. Rd1 Rd4 55. Ng5 Kf6 56. Ne4+ Ke5 57. Nc3 h4 58. Nb5 R4d7 59. Rh1 g5 60. Nc3 Rxd3 0-1

[Event "Toronto-ch w"]
[Site "Toronto CAN"]
[Date "2012.10.22"]
[Round "2"]
[White "Souchko, Larissa"]
[Black "Sametova, Zhanna"]
[Result "0-1"]
[WhiteElo "1084"]
[BlackElo "1644"]
[PlyCount "58"]
[GameId "2160767909411839"]
[EventDate "2012.10.15"]
[EventType "tourn"]
[EventRounds "5"]
[EventCountry "CAN"]
[SourceTitle "EXT 2022"]
[Source "ChessBase"]
[SourceDate "2021.10.06"]
[SourceVersion "1"]
[SourceVersionDate "2021.10.06"]
[SourceQuality "1"]

1. e4 c5 2. Nf3 Nc6 3. Bb5 d6 4. d4 cxd4 5. Nxd4 Bd7 6. Nc3 g6 7. Nxc6 bxc6 8. Ba4 Bg7 9. Ne2 Nf6 10. f3 O-O 11. Be3 Rb8 12. Bb3 Qc7 13. Qd2 c5 14. c4 a5 15. Nc3 Rb4 16. Bh6 Bxh6 17. Qxh6 a4 18. Bd1 Rxb2 19. Qg5 Qa5 20. Rc1 Rxa2 21. Kf1 Rb2 22. h4 a3 23. h5 a2 24. hxg6 Qxc3 25. Rxc3 a1=Q 26. Rc1 Rb1 27. Rxb1 Qxb1 28. Kf2 fxg6 29. e5 Ne4+ 0-1

[Event "Toronto-ch w"]
[Site "Toronto CAN"]
[Date "2012.10.29"]
[Round "3"]
[White "Abbarin, Shabnam"]
[Black "Renteria, Manuela"]
[Result "1-0"]
[WhiteElo "1390"]
[BlackElo "1682"]
[PlyCount "69"]
[GameId "2160767909411840"]
[EventDate "2012.10.15"]
[EventType "tourn"]
[EventRounds "5"]
[EventCountry "CAN"]
[SourceTitle "EXT 2022"]
[Source "ChessBase"]
[SourceDate "2021.10.06"]
[SourceVersion "1"]
[SourceVersionDate "2021.10.06"]
[SourceQuality "1"]

1. e4 c5 2. Nf3 d6 3. d4 cxd4 4. Nxd4 Nf6 5. Nc3 a6 6. Bg5 e6 7. f4 Qc7 8. Bxf6 gxf6 9. f5 Nc6 10. fxe6 fxe6 11. Qh5+ Kd8 12. O-O-O Nxd4 13. Rxd4 b5 14. Be2 Bd7 15. Rhd1 Kc8 16. Qf7 Bh6+ 17. Kb1 Bf4 18. g3 Be5 19. R4d3 Kb7 20. R1d2 Rac8 21. Nd1 Qc6 22. Ne3 Rc7 23. Qh5 b4 24. Ng4 Rhc8 25. Nxe5 dxe5 26. Rd6 Be8 27. Rxc6 Bxc6 28. Bd3 a5 29. Rf2 a4 30. b3 a3 31. Rxf6 Bb5 32. Rf7 Bxd3 33. Rxc7+ Rxc7 34. cxd3 Rc3 35. Qxe5 1-0

[Event "Toronto-ch w"]
[Site "Toronto CAN"]
[Date "2012.10.29"]
[Round "3"]
[White "Giblon, Rebecca"]
[Black "Souchko, Larissa"]
[Result "1-0"]
[WhiteElo "1662"]
[BlackElo "1084"]
[PlyCount "31"]
[GameId "2160767909411841"]
[EventDate "2012.10.15"]
[EventType "tourn"]
[EventRounds "5"]
[EventCountry "CAN"]
[SourceTitle "EXT 2022"]
[Source "ChessBase"]
[SourceDate "2021.10.06"]
[SourceVersion "1"]
[SourceVersionDate "2021.10.06"]
[SourceQuality "1"]

1. e4 c5 2. Nf3 d6 3. d4 cxd4 4. Nxd4 Nf6 5. Nc3 a6 6. Bg5 e6 7. f4 Nbd7 8. Qf3 Be7 9. O-O-O e5 10. Nf5 b5 11. Nxg7+ Kf8 12. Bh6 Kg8 13. Nf5 exf4 14. Qxf4 Nh5 15. Nxe7+ Qxe7 16. Qg4+ 1-0

[Event "Toronto-ch w"]
[Site "Toronto CAN"]
[Date "2012.11.05"]
[Round "4"]
[White "Kaneshalingam, Mathanhe"]
[Black "Giblon, Rebecca"]
[Result "0-1"]
[WhiteElo "1311"]
[BlackElo "1662"]
[PlyCount "62"]
[GameId "2160767909411842"]
[EventDate "2012.10.15"]
[EventType "tourn"]
[EventRounds "5"]
[EventCountry "CAN"]
[SourceTitle "EXT 2022"]
[Source "ChessBase"]
[SourceDate "2021.10.06"]
[SourceVersion "1"]
[SourceVersionDate "2021.10.06"]
[SourceQuality "1"]

1. d4 d5 2. c4 c6 3. Nc3 e6 4. Nf3 dxc4 5. e4 b5 6. a3 Bb7 7. Be3 Nf6 8. Qc2 Be7 9. Be2 O-O 10. O-O Ng4 11. h3 Nxe3 12. fxe3 Nd7 13. e5 a6 14. e4 Qb6 15. Kh1 Rad8 16. Rad1 f6 17. Rd2 fxe5 18. dxe5 Qc5 19. Nd4 Rxf1+ 20. Bxf1 Qxe5 21. Nf3 Qc7 22. Nd4 Nc5 23. Qd1 Bg5 24. Re2 e5 25. Nb1 Rxd4 26. Nd2 Nb3 27. Rf2 Nxd2 28. Qh5 Qe7 29. Be2 Nxe4 30. Rf3 Rd2 31. Bf1 Rf2 0-1

[Event "Toronto-ch w"]
[Site "Toronto CAN"]
[Date "2012.11.05"]
[Round "4"]
[White "Renteria, Manuela"]
[Black "Souchko, Larissa"]
[Result "1-0"]
[WhiteElo "1682"]
[BlackElo "1084"]
[PlyCount "39"]
[GameId "2160767909411843"]
[EventDate "2012.10.15"]
[EventType "tourn"]
[EventRounds "5"]
[EventCountry "CAN"]
[SourceTitle "EXT 2022"]
[Source "ChessBase"]
[SourceDate "2021.10.06"]
[SourceVersion "1"]
[SourceVersionDate "2021.10.06"]
[SourceQuality "1"]

1. e4 c5 2. Nf3 d6 3. d4 cxd4 4. Nxd4 Nf6 5. Nc3 a6 6. f3 e6 7. Be3 Be7 8. Qd2 Qc7 9. O-O-O Nc6 10. Kb1 Bd7 11. g4 O-O-O 12. h4 Kb8 13. Qf2 h6 14. Nb3 Rde8 15. Na4 Nb4 16. Ba7+ Kc8 17. Nb6+ Kd8 18. Na8 Qc6 19. Na5 Qa4 20. Qb6+ 1-0

[Event "Toronto-ch w"]
[Site "Toronto CAN"]
[Date "2012.11.19"]
[Round "5"]
[White "Giblon, Rebecca"]
[Black "Abbarin, Shabnam"]
[Result "1-0"]
[WhiteElo "1662"]
[BlackElo "1390"]
[PlyCount "57"]
[GameId "2160767909411844"]
[EventDate "2012.10.15"]
[EventType "tourn"]
[EventRounds "5"]
[EventCountry "CAN"]
[SourceTitle "EXT 2022"]
[Source "ChessBase"]
[SourceDate "2021.10.06"]
[SourceVersion "1"]
[SourceVersionDate "2021.10.06"]
[SourceQuality "1"]

1. e4 c5 2. Nf3 d6 3. d4 cxd4 4. Nxd4 Nf6 5. Nc3 a6 6. Bg5 e6 7. f4 Be7 8. Qf3 Nc6 9. O-O-O Qc7 10. g4 e5 11. Nf5 Bxf5 12. exf5 Nd4 13. Qg2 Rc8 14. fxe5 dxe5 15. Bd3 b5 16. Rhe1 O-O 17. Bxf6 Bxf6 18. g5 Bxg5+ 19. Qxg5 Nf3 20. Qh5 Nxe1 21. Rxe1 f6 22. Rg1 Rfd8 23. Rg3 b4 24. Ne4 Kh8 25. c3 Qa5 26. Nxf6 gxf6 27. Qf7 Rxc3+ 28. bxc3 Qa3+ 29. Kb1 1-0

[Event "Toronto-ch w"]
[Site "Toronto CAN"]
[Date "2012.11.19"]
[Round "5"]
[White "Sametova, Zhanna"]
[Black "Renteria, Manuela"]
[Result "1-0"]
[WhiteElo "1644"]
[BlackElo "1682"]
[PlyCount "51"]
[GameId "2160767909411845"]
[EventDate "2012.10.15"]
[EventType "tourn"]
[EventRounds "5"]
[EventCountry "CAN"]
[SourceTitle "EXT 2022"]
[Source "ChessBase"]
[SourceDate "2021.10.06"]
[SourceVersion "1"]
[SourceVersionDate "2021.10.06"]
[SourceQuality "1"]

1. e4 c5 2. Nf3 d6 3. d4 cxd4 4. Nxd4 Nf6 5. Nc3 a6 6. Bg5 e6 7. Qf3 Be7 8. O-O-O h6 9. Be3 Qc7 10. Qg3 Bf8 11. Be2 b5 12. e5 dxe5 13. Bf3 Bb7 14. Nxe6 fxe6 15. Qg6+ Ke7 16. Bxb7 Ra7 17. Bxa7 Nbd7 18. Ne4 Qxb7 19. Bc5+ Nxc5 20. Nxc5 Qc8 21. b4 a5 22. Rhe1 Qc7 23. f4 e4 24. Rxe4 Qxc5 25. bxc5 Nxe4 26. Qxe4 1-0

[Event "Toronto-ch w"]
[Site "Toronto CAN"]
[Date "2012.11.19"]
[Round "5"]
[White "Souchko, Larissa"]
[Black "Kaneshalingam, Mathanhe"]
[Result "0-1"]
[WhiteElo "1084"]
[BlackElo "1311"]
[PlyCount "76"]
[GameId "2160767909411846"]
[EventDate "2012.10.15"]
[EventType "tourn"]
[EventRounds "5"]
[EventCountry "CAN"]
[SourceTitle "EXT 2022"]
[Source "ChessBase"]
[SourceDate "2021.10.06"]
[SourceVersion "1"]
[SourceVersionDate "2021.10.06"]
[SourceQuality "1"]

1. e4 c5 2. Nf3 Nc6 3. d4 cxd4 4. Nxd4 e5 5. Nb5 d6 6. Bc4 Nf6 7. N1c3 a6 8. Na3 b5 9. Bxf7+ Kxf7 10. Ne2 Ke8 11. Bg5 Be7 12. O-O h6 13. Bxf6 Bxf6 14. Ng3 Ne7 15. c3 Be6 16. Qf3 Rf8 17. Nc2 Bg5 18. Qd1 Rc8 19. Nb4 a5 20. Nd5 Nxd5 21. exd5 Bf7 22. Qd3 Rb8 23. Rae1 Qf6 24. Ne2 Bg6 25. Qd1 Bh5 26. f3 Be3+ 27. Kh1 Qh4 28. Qd3 Bc5 29. g3 Qf6 30. Nf4 Bf7 31. b3 Kd8 32. Ne2 Bg6 33. Qd2 e4 34. Nf4 Re8 35. Ne6+ Rxe6 36. dxe6 exf3 37. b4 f2 38. Re2 Qf3# 0-1

[Event "Transcontinental 7 A"]
[Site "Montreal CAN"]
[Date "2012.05.04"]
[Round "1"]
[White "Carrier, Claude"]
[Black "Perna-Fraser, David"]
[Result "1-0"]
[WhiteElo "2177"]
[BlackElo "1679"]
[PlyCount "101"]
[GameId "2160767909509524"]
[EventDate "2012.05.04"]
[EventType "tourn"]
[EventRounds "5"]
[EventCountry "CAN"]
[SourceTitle "EXT 2022"]
[Source "ChessBase"]
[SourceDate "2021.10.06"]
[SourceVersion "1"]
[SourceVersionDate "2021.10.06"]
[SourceQuality "1"]

1. e4 e5 2. Nf3 Nf6 3. Nxe5 d6 4. Nf3 Nxe4 5. d4 d5 6. Be2 Be7 7. O-O O-O 8. c4 c6 9. Nc3 Bf5 10. Qb3 Nxc3 11. bxc3 b6 12. Bf4 Bd6 13. Bg5 f6 14. Be3 Kh8 15. c5 Bc7 16. c4 Be6 17. Rfe1 Re8 18. Rad1 Qe7 19. Qc2 Nd7 20. Bd3 Nf8 21. cxd5 Bxd5 22. Bf4 Qf7 23. Bxc7 Qxc7 24. Nd2 b5 25. Ne4 Bxe4 26. Bxe4 Rad8 27. Re3 h6 28. Qe2 Re7 29. Qf3 Ne6 30. Qf5 Ng5 31. Bc2 Rxe3 32. fxe3 Qd7 33. Qg6 Qg4 34. Kh1 Rf8 35. Re1 f5 36. Qxc6 Ne4 37. Bxe4 fxe4 38. Qxb5 Rf2 39. Qb8+ Kh7 40. Qg3 Qf5 41. Kg1 Rxa2 42. Rf1 Qd5 43. Qf4 Qb7 44. Qf5+ Kh8 45. d5 Ra5 46. Qf8+ Kh7 47. Qf5+ Kh8 48. c6 Qe7 49. Qf8+ Qxf8 50. Rxf8+ Kh7 51. c7 1-0

[Event "Transcontinental 7 A"]
[Site "Montreal CAN"]
[Date "2012.05.04"]
[Round "1"]
[White "Cloutier, Mathieu"]
[Black "Caceres Cortes, Julio"]
[Result "1/2-1/2"]
[WhiteElo "2096"]
[BlackElo "2005"]
[PlyCount "140"]
[GameId "2160767909509525"]
[EventDate "2012.05.04"]
[EventType "tourn"]
[EventRounds "5"]
[EventCountry "CAN"]
[SourceTitle "EXT 2022"]
[Source "ChessBase"]
[SourceDate "2021.10.06"]
[SourceVersion "1"]
[SourceVersionDate "2021.10.06"]
[SourceQuality "1"]

1. e4 e5 2. Nf3 Nc6 3. Bb5 a6 4. Ba4 Nf6 5. O-O Be7 6. Re1 b5 7. Bb3 O-O 8. h3 d6 9. c3 Bb7 10. d4 Re8 11. Nbd2 Bf8 12. Ng5 Re7 13. Nf1 h6 14. d5 Nb8 15. Nf3 c6 16. dxc6 Nxc6 17. Ng3 Na5 18. Nf5 Rd7 19. Bc2 Qc7 20. Nh2 Re8 21. Ng4 Re6 22. Re3 Nxg4 23. Qxg4 Rg6 24. Qh4 Qd8 25. Qxd8 Rxd8 26. a4 Nc4 27. Re2 d5 28. axb5 axb5 29. b3 Nb6 30. Ra7 Ba8 31. Rd2 d4 32. cxd4 Bb4 33. Rd1 Rc8 34. Bb1 exd4 35. Ba3 Bxa3 36. Rxa3 Re6 37. Ra6 Rd8 38. Rxd4 Rxd4 39. Nxd4 Rd6 40. Kh2 Rxd4 41. Rxb6 Bxe4 42. Bxe4 Rxe4 43. Rb8+ Kh7 44. Rxb5 Kg6 45. Rb7 Kf6 46. b4 Re2 47. Kg3 Rb2 48. b5 g6 49. b6 Kg7 50. Rb8 Kh7 51. b7 Kg7 52. f4 Rb3+ 53. Kf2 Kh7 54. Ke2 Kg7 55. Kd2 Kh7 56. Kc2 Rb6 57. Kc3 Kg7 58. Kc4 Rb1 59. g4 Kh7 60. f5 Kg7 61. h4 gxf5 62. gxf5 Kf6 63. Kd5 Kxf5 64. Kc6 Rc1+ 65. Kd7 Rb1 66. Ke7 f6 67. Kf7 h5 68. Kg7 Kg4 69. Kxf6 Kxh4 70. Ke6 Kh3 1/2-1/2

[Event "Transcontinental 7 A"]
[Site "Montreal CAN"]
[Date "2012.05.04"]
[Round "1"]
[White "Lacroix, Serge"]
[Black "Rondon, Luciano"]
[Result "1/2-1/2"]
[WhiteElo "1855"]
[BlackElo "1820"]
[PlyCount "93"]
[GameId "2160767909509526"]
[EventDate "2012.05.04"]
[EventType "tourn"]
[EventRounds "5"]
[EventCountry "CAN"]
[SourceTitle "EXT 2022"]
[Source "ChessBase"]
[SourceDate "2021.10.06"]
[SourceVersion "1"]
[SourceVersionDate "2021.10.06"]
[SourceQuality "1"]

1. e4 c5 2. Nf3 e6 3. d4 cxd4 4. Nxd4 Nf6 5. Nc3 d6 6. Be3 Be7 7. g4 Nc6 8. g5 Nd7 9. Rg1 a6 10. h4 Qc7 11. h5 Nb6 12. Nxc6 bxc6 13. Qd4 Rb8 14. Qxg7 Rf8 15. Qxh7 Nd7 16. Rb1 Qa5 17. Bd2 Qe5 18. g6 fxg6 19. Qxg6+ Kd8 20. Qg3 Qxh5 21. Be2 Qf7 22. Na4 Nf6 23. Ba5+ Ke8 24. f3 Rg8 25. Qh2 Rxg1+ 26. Qxg1 Qh5 27. Bc3 e5 28. Kd2 d5 29. exd5 cxd5 30. Qg3 Qh6+ 31. Ke1 Ng4 32. Bxe5 Bh4 33. Bxb8 Bxg3+ 34. Bxg3 Qh1+ 35. Kd2 Qxb1 36. fxg4 Qxa2 37. b3 Qa1 38. Nc3 Qg1 39. Be5 Bxg4 40. Bxa6 Qf2+ 41. Ne2 Bxe2 42. Bxe2 Kd7 43. c3 Qb6 44. b4 Qh6+ 45. Kd1 Ke6 46. Bd4 Qf4 47. Kc2 1/2-1/2

[Event "Transcontinental 7 A"]
[Site "Montreal CAN"]
[Date "2012.05.05"]
[Round "2"]
[White "Caceres Cortes, Julio"]
[Black "Lacroix, Serge"]
[Result "1/2-1/2"]
[WhiteElo "2005"]
[BlackElo "1855"]
[PlyCount "49"]
[GameId "2160767909509527"]
[EventDate "2012.05.04"]
[EventType "tourn"]
[EventRounds "5"]
[EventCountry "CAN"]
[SourceTitle "EXT 2022"]
[Source "ChessBase"]
[SourceDate "2021.10.06"]
[SourceVersion "1"]
[SourceVersionDate "2021.10.06"]
[SourceQuality "1"]

1. e4 c6 2. d4 d5 3. e5 Bf5 4. Nc3 e6 5. g4 Bg6 6. Nge2 Bb4 7. h4 Be4 8. Rh3 h5 9. Ng3 hxg4 10. Qxg4 Ne7 11. Bg5 Bxc2 12. Rc1 Bxc3+ 13. bxc3 Bf5 14. Nxf5 exf5 15. Qf4 Qd7 16. Bd3 Na6 17. Kf1 Nc7 18. Bxe7 Qxe7 19. Bxf5 Ne6 20. Qg4 g6 21. Bxe6 Qxe6 22. Qxe6+ fxe6 23. Ke2 Ke7 24. Rg1 Rag8 25. Rhg3 1/2-1/2

[Event "Transcontinental 7 A"]
[Site "Montreal CAN"]
[Date "2012.05.05"]
[Round "2"]
[White "Carrier, Claude"]
[Black "Cloutier, Mathieu"]
[Result "1-0"]
[WhiteElo "2177"]
[BlackElo "2096"]
[PlyCount "89"]
[GameId "2160767909509528"]
[EventDate "2012.05.04"]
[EventType "tourn"]
[EventRounds "5"]
[EventCountry "CAN"]
[SourceTitle "EXT 2022"]
[Source "ChessBase"]
[SourceDate "2021.10.06"]
[SourceVersion "1"]
[SourceVersionDate "2021.10.06"]
[SourceQuality "1"]

1. e4 c5 2. Nf3 Nc6 3. d4 cxd4 4. Nxd4 g6 5. Nc3 Bg7 6. Be3 Nf6 7. Bc4 Qa5 8. O-O O-O 9. h3 d6 10. Nb3 Qc7 11. Bd3 a6 12. f4 b5 13. a3 Bb7 14. Qe1 Rfe8 15. Qh4 Rac8 16. Rae1 Na5 17. Nxa5 Qxa5 18. f5 Rxc3 19. bxc3 Qxc3 20. Bc1 Nd7 21. fxg6 hxg6 22. Kh1 Ne5 23. Re3 Qc7 24. Qf4 Bc8 25. Re2 Be6 26. Qf2 Rc8 27. Qe1 Qd7 28. Bf4 Rc5 29. Be3 Nxd3 30. cxd3 Rc3 31. d4 Rxa3 32. d5 Bxh3 33. Qf2 Bg4 34. Qxf7+ Kh7 35. Bd4 e5 36. dxe6 Qxf7 37. Rxf7 Bxe6 38. Rxg7+ Kh6 39. Re7 Bc4 40. Rf2 Rd3 41. Bg7+ Kg5 42. Bf6+ Kg4 43. Rg7 Rd1+ 44. Kh2 Kh5 45. Rh7+ 1-0

[Event "Transcontinental 7 A"]
[Site "Montreal CAN"]
[Date "2012.05.05"]
[Round "2"]
[White "Perna-Fraser, David"]
[Black "Rondon, Luciano"]
[Result "1/2-1/2"]
[WhiteElo "1679"]
[BlackElo "1820"]
[PlyCount "91"]
[GameId "2160767909509529"]
[EventDate "2012.05.04"]
[EventType "tourn"]
[EventRounds "5"]
[EventCountry "CAN"]
[SourceTitle "EXT 2022"]
[Source "ChessBase"]
[SourceDate "2021.10.06"]
[SourceVersion "1"]
[SourceVersionDate "2021.10.06"]
[SourceQuality "1"]

1. e4 c5 2. Nf3 e6 3. d4 cxd4 4. Nxd4 Nc6 5. Nc3 d6 6. Be2 Nf6 7. O-O Be7 8. Be3 O-O 9. Re1 a6 10. Qd2 Qc7 11. Rad1 Bd7 12. f4 Nxd4 13. Bxd4 Bc6 14. Bf3 Rfd8 15. Qf2 Nd7 16. Qg3 e5 17. fxe5 dxe5 18. Bf2 b5 19. Re2 Nc5 20. Nd5 Bxd5 21. exd5 Bd6 22. Bxc5 Qxc5+ 23. Qf2 Qc7 24. Kh1 b4 25. Be4 g6 26. g4 Qe7 27. Rf1 Rac8 28. Qf6 Qxf6 29. Rxf6 a5 30. Rf3 Rc4 31. c3 bxc3 32. Rxc3 Rxc3 33. bxc3 Rc8 34. Rc2 Rc4 35. Bf3 Bb4 36. Be2 Rxc3 37. Rxc3 Bxc3 38. Bd3 f6 39. Kg2 Kf8 40. Kf3 Ke7 41. Ke4 Kd6 42. Bc4 Kc5 43. Bb3 Bb4 44. h3 h6 45. Ba4 Bc3 46. Bc6 1/2-1/2

[Event "Transcontinental 7 A"]
[Site "Montreal CAN"]
[Date "2012.05.05"]
[Round "3"]
[White "Cloutier, Mathieu"]
[Black "Perna-Fraser, David"]
[Result "1-0"]
[WhiteElo "2096"]
[BlackElo "1679"]
[PlyCount "115"]
[GameId "2160767909509530"]
[EventDate "2012.05.04"]
[EventType "tourn"]
[EventRounds "5"]
[EventCountry "CAN"]
[SourceTitle "EXT 2022"]
[Source "ChessBase"]
[SourceDate "2021.10.06"]
[SourceVersion "1"]
[SourceVersionDate "2021.10.06"]
[SourceQuality "1"]

1. e4 e5 2. Nf3 Nf6 3. Nxe5 d6 4. Nf3 Nxe4 5. d4 d5 6. Bd3 Be7 7. O-O O-O 8. c4 c6 9. Nc3 Bf5 10. Qc2 Re8 11. Nxe4 dxe4 12. Bxe4 Bxe4 13. Qxe4 Bf6 14. Qd3 Nd7 15. Be3 Nc5 16. Qc2 Ne6 17. Rad1 Qc7 18. d5 cxd5 19. Rxd5 Rad8 20. Rfd1 b6 21. b3 g6 22. Qc1 Nc5 23. Bf4 Qc8 24. Rxd8 Rxd8 25. Rxd8+ Qxd8 26. Bg5 Bxg5 27. Nxg5 Qf6 28. Nf3 Nd3 29. Qd1 Nf4 30. g3 Nh3+ 31. Kg2 Ng5 32. Nxg5 Qxg5 33. Qd7 Qe5 34. Qd5 Qe7 35. a4 a5 36. Qc6 Qb4 37. Qb5 Qd6 38. Qe8+ Kg7 39. Qe3 h5 40. f3 Qc5 41. Kf2 Qb4 42. f4 f5 43. Ke2 Kf7 44. Qd3 Qe7+ 45. Kd2 Qb4+ 46. Kc2 Qe1 47. Qd7+ Kf6 48. Qc6+ Kg7 49. Qf3 Qg1 50. h4 Kh6 51. Kb2 Qe1 52. Qc3 Qf2+ 53. Ka3 Qc5+ 54. Ka2 Qf2+ 55. Qb2 Qxb2+ 56. Kxb2 Kg7 57. b4 Kf7 58. c5 1-0